Anatomie et médecine par lettre - C - Statistiques

Statistiques générales
  • Ce quiz a été pris 2 315 fois
  • Le résultat moyen est 14 sur 22
Statistiques - réponses
Indice Réponse % Correct
Organe qui pompe le sang Cœur
99%
XX chez la femelle, XY chez le mâle Chromosome
94%
État d'inconscience prolongé, la personne ne réagit pas aux stimulations extérieures Coma
85%
Articulation entre le bras et l'avant-bras Coude
85%
Situées de part et d'autre des incisives Canines
83%
Os de l'épaule, le plus souvent fracturé chez l'humain Clavicule
79%
À la fin de la colonne vertébrale Coccyx
74%
Partie transparente à l'avant de l'iris et de la pupille Cornée
74%
Il protège l'encéphale Crâne
72%
Multiplication excessive de cellules anormales Cancer
70%
La plus grande section du gros intestin Côlon
69%
Région du cerveau qui coordonne les mouvements Cervelet
66%
Hormone du stress Cortisol
63%
Tissu conjonctif qui donne la forme du nez et des pavillons des oreilles Cartilage
62%
Les plus petits vaisseaux sanguins du corps Capillaires
54%
Processus par lequel le sang forme un caillot pour arrêter un saignement Coagulation
54%
Groupe d'os du poignet Carpe
52%
Couche externe du cerveau, constituée de substance grise Cortex
42%
Maladie transmise par l'eau contaminée qui peut causer diarrhées abondantes, déshydratation et éventuellement la mort Choléra
41%
Cellules dans la rétine qui permettent de distinguer les couleurs Cônes
39%
Lentille qui fait converger les rayons lumineux pour former une image sur la rétine Cristallin
39%
Fine membrane transparente qui protège l’œil Conjonctive
10%
Aucun quiz correspondant
Distribution des résultats
% des personnes avec chaque résultat
Percentile par nombre de réponses
Votre historique - résultats
Vous n’avez pas pris ce quiz